书目信息 |
| 题名: |
英语泛读教程
|
|
| 作者: | 周柳琴 , 谢雨利 主编 | |
| 分册: | 3 | |
| 出版信息: | 苏州 苏州大学出版社 2009.08 |
|
| 页数: | 345页 | |
| 开本: | 26cm | |
| 丛书名: | 高等院校特色课程英语系列教材 | |
| 单 册: | ||
| 中图分类: | H319.4 | |
| 科图分类: | ||
| 主题词: | 英语--ying yu--阅读教学--高等学校--教材 | |
| 电子资源: | ||
| ISBN: | 978-7-81137-343-1 | |
| 000 | 01064nam 2200265 450 | |
| 001 | 012009405824 | |
| 005 | 20091128154021.92 | |
| 010 | @a978-7-81137-343-1@dCNY35.00 | |
| 100 | @a20091128d2009 em y0chiy0120 ea | |
| 101 | 0 | @achi@aeng |
| 102 | @aCN@b320000 | |
| 105 | @ay z 000yy | |
| 106 | @ar | |
| 200 | 1 | @a英语泛读教程@Aying yu fan du jiao cheng@h3@f周柳琴, 谢雨利主编@Fzhou liu qin,xie yu li zhu bian |
| 210 | @a苏州@c苏州大学出版社@d2009.08 | |
| 215 | @a345页@d26cm | |
| 225 | 2 | @a高等院校特色课程英语系列教材@Agao deng yuan xiao te se ke cheng ying yu xi lie jiao cai |
| 330 | @a本教材编写的目的在于传授学生有关的阅读理论与技巧,提升学生的英语阅读水平与理解能力,扩大词汇量,增加英语国家文化背景知识,为参加英语专业四、八级考试及其他形式英语考试奠定良好的基础。 | |
| 410 | 0 | @12001 @a高等院校特色课程英语系列教材 |
| 606 | 0 | @a英语@Aying yu@x阅读教学@x高等学校@j教材 |
| 690 | @aH319.4@v4 | |
| 701 | 0 | @a周柳琴@Azhou liu qin@4主编 |
| 701 | 0 | @a谢雨利@Axie yu li@4主编 |
| 801 | 0 | @aCN@bQSSK@c20091128 |
| 905 | @b767082-84@dH319.4@eZ775:3@f3 | |
| 英语泛读教程.3/周柳琴, 谢雨利主编.-苏州:苏州大学出版社,2009.08 |
| 345页;26cm.-(高等院校特色课程英语系列教材) |
| ISBN 978-7-81137-343-1:CNY35.00 |
| 本教材编写的目的在于传授学生有关的阅读理论与技巧,提升学生的英语阅读水平与理解能力,扩大词汇量,增加英语国家文化背景知识,为参加英语专业四、八级考试及其他形式英语考试奠定良好的基础。 |
| ● |
| 相关链接 |
|
|
|
正题名:英语泛读教程
索取号:H319.4/Z775:3
 
预约/预借
| 序号 | 登录号 | 条形码 | 馆藏地/架位号 | 状态 | 备注 |
| 1 | 767082 | 207670821 | 语言库209/209语言库 21排2列6层/ [索取号:H319.4/Z775:3] | 在馆 | |
| 2 | 767083 | 207670830 | 语言库209/209语言库 21排2列6层/ [索取号:H319.4/Z775:3] | 在馆 | |
| 3 | 767084 | 207670849 | 语言库209/209语言库 21排2列6层/ [索取号:H319.4/Z775:3] | 在馆 |